[Event "Junior Online 4NCL Division 3"]
[Site "online"]
[Date "2021.02.04"]
[Round "2.53"]
[White "Drel, Anton"]
[Black "Barron-Majerik, Alexander"]
[Result "1-0"]
[WhiteElo "1600"]
[BlackElo "221"]
[PlyCount "43"]
[EventDate "2021.02.04"]
[WhiteTeam "Barnet Knights A"]
[BlackTeam "Dundee City"]

1. e4 e5 2. Nf3 Nc6 3. Bc4 Bc5 4. c3 Nf6 5. d4 exd4 6. cxd4 Bb4+ 7. Nc3 Nxe4 8.
O-O Nxc3 9. bxc3 Bxc3 10. Ba3 Bxa1 11. Re1+ Ne7 12. Bxe7 Qxe7 13. Rxe7+ Kxe7
14. Qxa1 Re8 15. d5 Kf8 16. h3 Kg8 17. d6 cxd6 18. Ng5 Rf8 19. Qb1 g6 20. Qe4
h6 21. Qxg6+ Kh8 22. Qh7# 1-0

[Event "Junior Online 4NCL Division 3"]
[Site "online"]
[Date "2021.02.04"]
[Round "2.54"]
[White "Liu, Haoqi"]
[Black "Gardner, Kai"]
[Result "0-1"]
[WhiteElo "197"]
[BlackElo "1487"]
[PlyCount "72"]
[EventDate "2021.02.04"]
[WhiteTeam "Dundee City"]
[BlackTeam "Barnet Knights A"]

1. e4 d5 2. exd5 Nf6 3. Nc3 Nxd5 4. Nxd5 Qxd5 5. c4 Qd8 6. d4 e6 7. Nf3 c5 8.
dxc5 Qxd1+ 9. Kxd1 Bxc5 10. Be3 Be7 11. c5 Nc6 12. Kc2 O-O 13. Rc1 e5 14. Kb1
Bf5+ 15. Ka1 a5 16. Rd1 a4 17. a3 Rfd8 18. Bc4 Rab8 19. h3 b5 20. Be2 Na5 21.
Nd2 Bc2 22. Rc1 Nb3+ 23. Ka2 Nxc1+ 24. Ka1 Nxe2 25. h4 Bxc5 26. h5 Bxe3 27.
fxe3 Rxd2 28. e4 Rd1+ 29. Rxd1 Bxd1 30. Ka2 Rd8 31. b4 Bb3+ 32. Kb2 Rd2+ 33.
Kb1 Bc2+ 34. Kb2 Bxe4+ 35. Ka1 Nd4 36. h6 Nb3# 0-1

[Event "Junior Online 4NCL Division 3"]
[Site "online"]
[Date "2021.02.04"]
[Round "2.55"]
[White "Vijayakumar, Rishi"]
[Black "Vyas, Alisha"]
[Result "1/2-1/2"]
[WhiteElo "1002"]
[BlackElo "1738"]
[PlyCount "257"]
[EventDate "2021.02.04"]
[WhiteTeam "Dundee City"]
[BlackTeam "Barnet Knights A"]

1. d4 Nf6 2. c4 g6 3. g3 Bg7 4. Bg2 d6 5. Nc3 O-O 6. Nf3 Nc6 7. O-O e5 8. e4
Bg4 9. Be3 exd4 10. Bxd4 Nxd4 11. Qxd4 Re8 12. Rfe1 Nxe4 13. Qd5 Nxc3 14. bxc3
Bxc3 15. Rxe8+ Qxe8 16. Rc1 c6 17. Qd3 Bg7 18. Re1 Qd7 19. Nd2 Bf5 20. Qb3 Re8
21. Rxe8+ Qxe8 22. Qxb7 Qe1+ 23. Nf1 Bd3 24. Qa8+ Bf8 25. Qxc6 Bxf1 26. Bxf1 a5
27. Qd5 Qe5 28. Kg2 Qxd5+ 29. cxd5 Bg7 30. f4 Bd4 31. Kf3 Kg7 32. h3 a4 33. a3
Bc5 34. Bb5 Bxa3 35. Bxa4 f5 36. Bd7 Kf6 37. g4 fxg4+ 38. hxg4 h6 39. Ke4 Bc1
40. Be8 Bd2 41. f5 gxf5+ 42. gxf5 Be1 43. Bg6 Bg3 44. Be8 Be5 45. Bg6 Kg5 46.
Kf3 h5 47. Kg2 Kg4 48. f6 Bxf6 49. Bf7 Be5 50. Kh1 h4 51. Be6+ Kg3 52. Bg8 Kf3
53. Be6 Kf2 54. Bh3 Ke3 55. Bc8 Bg3 56. Ba6 Ke4 57. Bb7 Kd4 58. Bc6 Kc5 59. Kg2
Be5 60. Kh3 Bg3 61. Ba8 Kb6 62. Kg4 Ka7 63. Bc6 Kb6 64. Kh3 Kc5 65. Kg4 Kd4 66.
Kh3 Ke3 67. Ba8 Kf2 68. Bc6 Kf3 69. Be8 Kf4 70. Bf7 Be1 71. Be6 Kg5 72. Bg4 Kf4
73. Bd1 Ke5 74. Bf3 Bg3 75. Bh1 Kd4 76. Kg4 Ke5 77. Kg5 h3 78. Kg4 Bf2 79. Kxh3
Bc5 80. Kg4 Kd4 81. Kf5 Kc3 82. Ke6 Kd2 83. Kd7 Kc3 84. Kc6 Kd2 85. Be4 Kc3 86.
Bh7 Kd4 87. Bg8 Kc3 88. Be6 Kd4 89. Bc8 Kc3 90. Ba6 Kd4 91. Bf1 Kc3 92. Be2 Kd4
93. Bb5 Kc3 94. Kd7 Kb4 95. Bc6 Kc3 96. Ke6 Kb4 97. Kf5 Kc3 98. Ke4 Kb4 99. Kd3
Ka3 100. Kc4 Kb2 101. Ba4 Ka3 102. Bd1 Kb2 103. Bf3 Kc1 104. Be4 Kd2 105. Bh7
Ke3 106. Bg8 Kf4 107. Kb5 Kg3 108. Kc6 Kf4 109. Kc7 Kg3 110. Kb8 Kf4 111. Ka8
Kg3 112. Be6 Kf4 113. Bc8 Kg3 114. Ba6 Kf4 115. Bf1 Kg3 116. Kb7 Kf4 117. Kc6
Kg3 118. Kd7 Kf4 119. Ke6 Kg3 120. Kf5 Kf2 121. Bb5 Ke3 122. Bc6 Kd4 123. Ke6
Kc3 124. Kf5 Kb4 125. Ke4 Kc3 126. Ba4 Kb4 127. Bc2 Kc3 128. Bd3 Kb4 129. Be2
1/2-1/2

[Event "Junior Online 4NCL Division 3"]
[Site "online"]
[Date "2021.02.04"]
[Round "2.56"]
[White "Angelopoulos, Andreas"]
[Black "Kanodia, Ramit"]
[Result "0-1"]
[WhiteElo "1639"]
[BlackElo "900"]
[PlyCount "56"]
[EventDate "2021.02.04"]
[WhiteTeam "Barnet Knights A"]
[BlackTeam "Dundee City"]

1. d4 Nf6 2. c4 g6 3. Nc3 d5 4. cxd5 Nxd5 5. e4 Nxc3 6. bxc3 Bg7 7. Nf3 c5 8.
Be2 Nc6 9. Bb2 cxd4 10. cxd4 Bg4 11. Bb5 Qa5+ 12. Qd2 Qxb5 13. e5 Nb4 14. Bc3
Nd3+ 15. Kd1 Rc8 16. h3 Bh6 17. Qxh6 Bxf3+ 18. gxf3 Rxc3 19. Qd2 Qc4 20. Rb1
Nxf2+ 21. Qxf2 Qd3+ 22. Qd2 Qxf3+ 23. Ke1 Qxh1+ 24. Ke2 Qe4+ 25. Kf2 Rf3+ 26.
Kg1 Qxb1+ 27. Kg2 Qf1+ 28. Kh2 Rxh3# 0-1

[Event "Junior Online 4NCL Division 3"]
[Site "online"]
[Date "2021.02.04"]
[Round "2.57"]
[White "Barron-Majerik, Alexander"]
[Black "Drel, Anton"]
[Result "0-1"]
[WhiteElo "221"]
[BlackElo "1600"]
[PlyCount "38"]
[EventDate "2021.02.04"]
[WhiteTeam "Dundee City"]
[BlackTeam "Barnet Knights A"]

1. e4 e5 2. Nf3 Nc6 3. Bc4 Bc5 4. Nc3 d6 5. d3 h6 6. Be3 Bb6 7. O-O Bg4 8. h3
Bh5 9. Bb5 Nf6 10. Qe2 O-O 11. Rfe1 Nh7 12. Bxb6 cxb6 13. Nd5 Nd4 14. Qe3 Bxf3
15. gxf3 Nxb5 16. Kf1 Nd4 17. Qc1 Qg5 18. Qb1 Nxf3 19. Re2 Qg1# 0-1

[Event "Junior Online 4NCL Division 3"]
[Site "online"]
[Date "2021.02.04"]
[Round "2.58"]
[White "Gardner, Kai"]
[Black "Liu, Haoqi"]
[Result "1-0"]
[WhiteElo "1487"]
[BlackElo "197"]
[PlyCount "71"]
[EventDate "2021.02.04"]
[WhiteTeam "Barnet Knights A"]
[BlackTeam "Dundee City"]

1. e4 e5 2. Nf3 Nc6 3. Bc4 Bc5 4. Nc3 Nf6 5. d3 d6 6. h3 O-O 7. Bg5 h6 8. Bh4
Nd4 9. Nxd4 exd4 10. Nd5 g5 11. Nxf6+ Qxf6 12. Bg3 Be6 13. b3 Bxc4 14. bxc4
Rae8 15. O-O d5 16. cxd5 Bd6 17. Qg4 Bxg3 18. Qxg3 h5 19. Qxc7 Re7 20. Qg3 b5
21. f4 Qg6 22. fxg5 Kh7 23. Rf6 Rg8 24. Rxg6 Rxg6 25. Rf1 Re8 26. Rxf7+ Kg8 27.
Rf6 Kg7 28. Rxg6+ Kxg6 29. d6 Rf8 30. Qe5 Rd8 31. Qf6+ Kh7 32. Qxd8 Kg6 33.
Qf6+ Kh7 34. d7 Kg8 35. d8=Q+ Kh7 36. Qdh8# 1-0

[Event "Junior Online 4NCL Division 3"]
[Site "online"]
[Date "2021.02.04"]
[Round "2.62"]
[White "Sriram, Gautam"]
[Black "Evans, Joseph"]
[Result "1-0"]
[WhiteElo "785"]
[BlackElo "995"]
[PlyCount "149"]
[EventDate "2021.02.04"]
[WhiteTeam "Watford Juniors D"]
[BlackTeam "Harrow Juniors E"]

1. e4 c5 2. Nf3 Nc6 3. Bb5 g6 4. Bxc6 bxc6 5. O-O Bg7 6. e5 e6 7. d3 Ne7 8. Bg5
O-O 9. h3 Re8 10. Re1 d6 11. exd6 Qxd6 12. Bxe7 Rxe7 13. Nc3 Rb8 14. b3 Rd7 15.
Ne4 Qc7 16. Rb1 c4 17. bxc4 Rxb1 18. Qxb1 Bb7 19. a4 c5 20. Qb5 Bxe4 21. Rxe4
Qb7 22. Qxc5 f5 23. Rxe6 Qc7 24. Re8+ Kf7 25. Ne5+ Bxe5 26. Rxe5 Kf6 27. Qxc7
Rxc7 28. Rd5 Ke6 29. Ra5 Rb7 30. Kh2 Rb2 31. Ra6+ Ke5 32. Rxa7 h5 33. Re7+ Kd4
34. Rd7+ Kc3 35. f4 Rxc2 36. a5 Ra2 37. c5 Rxa5 38. c6 Rc5 39. d4 Rxc6 40. d5
Rc5 41. d6 Rd5 42. h4 Kc4 43. Kh3 Kc5 44. Rg7 Rxd6 45. g3 Kd4 46. Rh7 Ke3 47.
Re7+ Kf3 48. Rc7 Ke4 49. Rc4+ Kd3 50. Ra4 Ke3 51. Ra3+ Ke4 52. Ra4+ Kf3 53.
Ra3+ Ke4 54. Rb3 Kd4 55. Rb4+ Ke3 56. Rb3+ Kd4 57. Rb4+ Ke3 58. Rc4 Kd3 59. Rc7
Ke4 60. Re7+ Kf3 61. Rc7 Ke4 62. Rb7 Ke3 63. Rb3+ Rd3 64. Rxd3+ Kxd3 65. Kg2
Ke3 66. Kh3 Kf3 67. Kh2 Kg4 68. Kg2 g5 69. fxg5 f4 70. gxf4 Kxf4 71. g6 Kf5 72.
g7 Kg4 73. g8=Q+ Kxh4 74. Kf3 Kh3 75. Qg3# 1-0

[Event "Junior Online 4NCL Division 3"]
[Site "online"]
[Date "2021.02.04"]
[Round "2.66"]
[White "Evans, Joseph"]
[Black "Sriram, Gautam"]
[Result "1/2-1/2"]
[WhiteElo "995"]
[BlackElo "785"]
[PlyCount "126"]
[EventDate "2021.02.04"]
[WhiteTeam "Harrow Juniors E"]
[BlackTeam "Watford Juniors D"]

1. c4 e5 2. g3 Nf6 3. Bg2 Nc6 4. e3 Bc5 5. Ne2 O-O 6. Nbc3 Bb4 7. O-O Bxc3 8.
bxc3 h6 9. d4 exd4 10. cxd4 d6 11. Bb2 Bg4 12. Qd2 Bxe2 13. Qxe2 Re8 14. Qd2 b6
15. d5 Na5 16. Bxf6 Qxf6 17. Qd4 Qxd4 18. exd4 Nxc4 19. Rfe1 Rxe1+ 20. Rxe1 Nd2
21. Rd1 Nc4 22. Kf1 Re8 23. Re1 Rb8 24. Re7 Nd2+ 25. Ke2 Nc4 26. Rxc7 b5 27.
Rxa7 b4 28. Rc7 Na5 29. Kd3 b3 30. axb3 Rxb3+ 31. Ke4 Rb8 32. Kf5 g6+ 33. Kf6
Re8 34. Bf1 g5 35. Bb5 Re4 36. Rxf7 Rxd4 37. Rd7 Rxd5 38. Ke6 Rxb5 39. Rxd6 Nb7
40. Rd7 Rb6+ 41. Ke7 Rb4 42. Kf6 Rb6+ 43. Ke7 Nc5 44. Rd8+ Kg7 45. h4 Rb7+ 46.
Kd6 Rb5 47. hxg5 Nb7+ 48. Kc6 Nxd8+ 49. Kxb5 hxg5 50. Kc5 Ne6+ 51. Kd5 Nc7+ 52.
Ke4 g4 53. Kf4 Ne6+ 54. Kxg4 Kg6 55. f4 Kf6 56. f5 Ng7 57. Kf4 Nh5+ 58. Kg4 Ng7
59. Kf4 Nxf5 60. g4 Ng7 61. g5+ Kg6 62. Kg4 Ne6 63. Kh4 Nxg5 1/2-1/2

[Event "Junior Online 4NCL Division 3"]
[Site "online"]
[Date "2021.02.04"]
[Round "2.67"]
[White "Mehta, Devina"]
[Black "Patel, Aaron"]
[Result "0-1"]
[WhiteElo "799"]
[BlackElo "1062"]
[PlyCount "126"]
[EventDate "2021.02.04"]
[WhiteTeam "Watford Juniors D"]
[BlackTeam "Harrow Juniors E"]

1. e4 d5 2. Nc3 d4 3. Nb1 e5 4. Nf3 Nc6 5. Bb5 Bd7 6. Bxc6 Bxc6 7. d3 f6 8. c3
dxc3 9. bxc3 g6 10. O-O Qd7 11. d4 exd4 12. cxd4 O-O-O 13. d5 Bb5 14. Re1 f5
15. e5 Qxd5 16. Nbd2 Bg7 17. h3 Re8 18. e6 Rxe6 19. Qb3 Rxe1+ 20. Kh2 Qxb3 21.
Nxb3 Re8 22. Kg1 Bxa1 23. Nxa1 Nf6 24. Bb2 Rhf8 25. Bc3 Nd5 26. Bd2 Re2 27. Kh2
Rg8 28. Nb3 b6 29. Nbd4 Re4 30. Nxb5 c5 31. Nd6+ Kd7 32. Nxe4 fxe4 33. Ne5+ Ke6
34. Nc6 c4 35. Nxa7 Ra8 36. Nc6 Rxa2 37. Bg5 c3 38. Nd8+ Kf5 39. h4 c2 40. Nc6
Ra1 41. Nb4 c1=Q 42. Bxc1 Rxc1 43. Nxd5 b5 44. Ne7+ Ke5 45. Ng8 b4 46. Nh6 b3
47. Ng4+ Kd4 48. Ne3 b2 49. h5 b1=Q 50. hxg6 Rh1+ 51. Kg3 hxg6 52. Kf4 Rh4+ 53.
Kg5 Qh1 54. Kxg6 Rh6+ 55. Kf5 Qh5+ 56. Kf4 Rf6+ 57. Kg3 Qg5+ 58. Kh2 Rh6+ 59.
Kg1 Rg6 60. Kf1 Qh5 61. Kg1 Rh6 62. Kf1 Kd3 63. Ke1 Qe2# 0-1

[Event "Junior Online 4NCL Division 3"]
[Site "online"]
[Date "2021.02.04"]
[Round "2.71"]
[White "Modhura, Urbi"]
[Black "Turner, Jamie"]
[Result "1-0"]
[WhiteElo "1645"]
[BlackElo "1562"]
[PlyCount "101"]
[EventDate "2021.02.04"]
[WhiteTeam "Temple Sutton Juniors"]
[BlackTeam "MCS Tenners A"]

1. e4 c5 2. Nf3 d6 3. Nc3 a6 4. d4 cxd4 5. Nxd4 Nf6 6. Be3 e6 7. Be2 Bd7 8. O-O
Nc6 9. Qd2 e5 10. Nb3 Be7 11. Rad1 b5 12. a3 Be6 13. f4 Qc7 14. fxe5 dxe5 15.
Nd5 Bxd5 16. exd5 Nd8 17. d6 Bxd6 18. Qxd6 Qxd6 19. Rxd6 Ke7 20. Rfd1 Ne6 21.
Nc5 Rhd8 22. Rxd8 Nxd8 23. Bf3 Ra7 24. Ne4 Rd7 25. Rxd7+ Nxd7 26. Kf2 Ne6 27.
Ng5 Nxg5 28. Bxg5+ f6 29. Be3 Kd6 30. Bb7 a5 31. Be4 g6 32. Kg3 f5 33. Bd3 f4+
34. Bxf4 exf4+ 35. Kxf4 b4 36. axb4 axb4 37. Kg5 Ke5 38. h4 Ke6 39. Kh6 Nf6 40.
Kg7 Ke5 41. g4 Nxg4 42. Kxh7 Kf6 43. Bxg6 Ne5 44. h5 Nd7 45. Bd3 Nc5 46. h6 Kf7
47. Bc4+ Kf6 48. Kg8 Na4 49. h7 Nxb2 50. h8=Q+ Kf5 51. Qxb2 1-0

[Event "Junior Online 4NCL Division 3"]
[Site "online"]
[Date "2021.02.04"]
[Round "2.72"]
[White "Croft, Dennis"]
[Black "Yau, Ethan Y"]
[Result "0-1"]
[WhiteElo "1278"]
[BlackElo "1544"]
[PlyCount "80"]
[EventDate "2021.02.04"]
[WhiteTeam "MCS Tenners A"]
[BlackTeam "Temple Sutton Juniors"]

1. c4 e5 2. Nc3 Nf6 3. e3 Nc6 4. g3 Bc5 5. Bg2 d6 6. Nge2 Bg4 7. O-O O-O 8. d3
Re8 9. Qd2 Bb4 10. a3 Ba5 11. b4 Bb6 12. Nd5 Nxd5 13. cxd5 Ne7 14. Nc3 Ng6 15.
h3 Bf5 16. e4 Bd7 17. Qd1 Qc8 18. Bd2 Bxh3 19. Qf3 Bxg2 20. Qxg2 Qg4 21. Nb5 a6
22. Nc3 Bd4 23. Rac1 Re7 24. Be3 Bxc3 25. Rxc3 Rc8 26. f3 Qh5 27. Kf2 f5 28.
Rh1 Nh4 29. Rxh4 Qg6 30. Qh1 h6 31. Kg2 Rf8 32. Qc1 f4 33. Bf2 Ref7 34. Rxc7
fxg3 35. Bxg3 Rxf3 36. Qe1 Rf2+ 37. Kh3 R8f3 38. Rg4 Qh5+ 39. Rh4 Rxg3+ 40.
Kxg3 Qf3# 0-1

[Event "Junior Online 4NCL Division 3"]
[Site "online"]
[Date "2021.02.04"]
[Round "2.73"]
[White "Audhora, Purba"]
[Black "Kedikoglou, Elias"]
[Result "1-0"]
[WhiteElo "1528"]
[BlackElo "1165"]
[PlyCount "71"]
[EventDate "2021.02.04"]
[WhiteTeam "Temple Sutton Juniors"]
[BlackTeam "MCS Tenners A"]

1. e4 e5 2. Nf3 Nc6 3. Bc4 Bc5 4. c3 Nf6 5. d4 exd4 6. cxd4 Bb4+ 7. Nc3 d5 8.
exd5 Nxd5 9. O-O Bxc3 10. bxc3 O-O 11. Bd2 a6 12. Re1 b5 13. Bd3 Bg4 14. h3 Bh5
15. Be2 Qf6 16. Qc2 b4 17. cxb4 Ndxb4 18. Bxb4 Nxb4 19. Qc4 Rab8 20. a3 Nc6 21.
Rac1 Rb6 22. d5 Ne5 23. Nxe5 Bxe2 24. Qxe2 Re8 25. Nd7 Rxe2 26. Nxf6+ gxf6 27.
Rxe2 Rb5 28. Rd2 Kf8 29. Rxc7 Ra5 30. d6 Ke8 31. d7+ Kd8 32. Rc8+ Ke7 33. d8=Q+
Ke6 34. Rc6+ Kf5 35. Qxf6+ Ke4 36. Rc4# 1-0

[Event "Junior Online 4NCL Division 3"]
[Site "online"]
[Date "2021.02.04"]
[Round "2.74"]
[White "Lakha, Haider"]
[Black "Yau, Max Y"]
[Result "1-0"]
[WhiteElo "1112"]
[BlackElo "1267"]
[PlyCount "73"]
[EventDate "2021.02.04"]
[WhiteTeam "MCS Tenners A"]
[BlackTeam "Temple Sutton Juniors"]

1. e4 e5 2. Nf3 Nc6 3. Nc3 Bc5 4. Bc4 Nf6 5. d3 h6 6. h3 O-O 7. O-O d6 8. a3
Be6 9. Bxe6 fxe6 10. Qd2 d5 11. exd5 exd5 12. Nb5 a6 13. b4 Bxf2+ 14. Qxf2 axb5
15. Bxh6 gxh6 16. Qg3+ Kf7 17. Nh4 Ke7 18. Qg7+ Rf7 19. Qxh6 Qg8 20. Nf5+ Kd8
21. Qd2 e4 22. Nh6 Qg7 23. Nxf7+ Qxf7 24. dxe4 Qe7 25. exd5 Ne5 26. Qh6 Ne8 27.
Qh8 Kd7 28. Rfe1 Kd6 29. Qh6+ Kd7 30. Qh5 Kd6 31. Re2 Ng7 32. Qh6+ Kxd5 33.
Rd1+ Kc4 34. Re4+ Kc3 35. Qd2+ Kb2 36. Qd4+ Kxa3 37. Ra1# 1-0

[Event "Junior Online 4NCL Division 3"]
[Site "online"]
[Date "2021.02.04"]
[Round "2.75"]
[White "Turner, Jamie"]
[Black "Modhura, Urbi"]
[Result "1/2-1/2"]
[WhiteElo "1562"]
[BlackElo "1645"]
[PlyCount "130"]
[EventDate "2021.02.04"]
[WhiteTeam "MCS Tenners A"]
[BlackTeam "Temple Sutton Juniors"]

1. d4 Nf6 2. c4 e6 3. Nc3 d5 4. Bg5 Be7 5. Nf3 h6 6. Bh4 c5 7. e3 Nc6 8. Bd3
O-O 9. b3 Bd7 10. Bc2 dxc4 11. bxc4 cxd4 12. exd4 Bb4 13. Qd3 Bxc3+ 14. Qxc3
Qa5 15. Qxa5 Nxa5 16. Bxf6 gxf6 17. Bb3 Nxb3 18. axb3 Bc6 19. Ke2 a6 20. Rhd1
Rad8 21. Ra2 Kh7 22. g3 e5 23. d5 Bd7 24. Ke3 Bg4 25. Rh1 Rfe8 26. h3 Bd7 27.
h4 Bg4 28. Nd2 e4 29. Nxe4 f5 30. f3 Bh5 31. Kf4 fxe4 32. fxe4 Bg6 33. Re1 f6
34. g4 Re5 35. h5 Bf7 36. Ra4 Rd6 37. c5 Rd8 38. Rb4 Bxd5 39. Rd1 Rc8 40. Rxd5
Rxd5 41. exd5 Rxc5 42. Rxb7+ Kg8 43. Rb6 Rxd5 44. Rxf6 Kg7 45. Rxa6 Rb5 46.
Ra7+ Kf6 47. Ra6+ Kg7 48. Re6 Rc5 49. Re5 Rc6 50. Kf5 Rb6 51. g5 hxg5 52. Kxg5
Rxb3 53. Re7+ Kf8 54. Re4 Rb6 55. Rf4+ Kg7 56. Rf5 Rc6 57. Re5 Rd6 58. Re7+ Kf8
59. Re5 Kg7 60. Rf5 Re6 61. Kf4 Kh6 62. Rd5 Rf6+ 63. Kg4 Rc6 64. Rf5 Rd6 65.
Kf4 Rc6 1/2-1/2

[Event "Junior Online 4NCL Division 3"]
[Site "online"]
[Date "2021.02.04"]
[Round "2.76"]
[White "Yau, Ethan Y"]
[Black "Croft, Dennis"]
[Result "1-0"]
[WhiteElo "1544"]
[BlackElo "1278"]
[PlyCount "60"]
[EventDate "2021.02.04"]
[WhiteTeam "Temple Sutton Juniors"]
[BlackTeam "MCS Tenners A"]

1. e4 c5 2. Nf3 d6 3. c3 g6 4. d4 cxd4 5. cxd4 Bg7 6. Bc4 e6 7. Nc3 Ne7 8. Bg5
O-O 9. O-O Qd7 10. Re1 d5 11. Bb5 Qd6 12. e5 Qc7 13. Rc1 Nbc6 14. Na4 h6 15.
Bxe7 Qxe7 16. Bxc6 bxc6 17. Rxc6 Bd7 18. Rc7 Qd8 19. Rc1 Rb8 20. Re2 Qa5 21.
Nc5 Rfd8 22. a3 h5 23. h3 Bh6 24. Rcc2 Bb5 25. Re1 Bf8 26. Re3 Rdc8 27. Nb3 Qa6
28. Rec3 Bd7 29. Nc5 Qa5 30. Nxd7 Qa4 1-0

[Event "Junior Online 4NCL Division 3"]
[Site "online"]
[Date "2021.02.04"]
[Round "2.77"]
[White "Kedikoglou, Elias"]
[Black "Audhora, Purba"]
[Result "1-0"]
[WhiteElo "1165"]
[BlackElo "1528"]
[PlyCount "75"]
[EventDate "2021.02.04"]
[WhiteTeam "MCS Tenners A"]
[BlackTeam "Temple Sutton Juniors"]

1. e4 e5 2. Nf3 Nc6 3. Nc3 Nf6 4. Bb5 a6 5. Bxc6 dxc6 6. Nxe5 Bd6 7. d4 O-O 8.
Bg5 h6 9. Bh4 Be7 10. d5 Qd6 11. Bg3 Qd8 12. dxc6 bxc6 13. Nxc6 Qe8 14. Nxe7+
Qxe7 15. e5 Ng4 16. O-O h5 17. Nd5 Qc5 18. b4 Qb5 19. Nxc7 Qc6 20. Nxa8 Qxa8
21. h3 Nh6 22. Re1 g6 23. Bf4 Nf5 24. Bg3 Nxg3 25. fxg3 Qa7+ 26. Kh2 Bf5 27.
Qf3 Qe7 28. Rad1 Qg5 29. Rd4 Kg7 30. Re3 Rh8 31. Rh4 Bxc2 32. e6 Bf5 33. e7 Re8
34. g4 Bd7 35. g3 Rxe7 36. Rxe7 Qxe7 37. gxh5 g5 38. h6+ 1-0

[Event "Junior Online 4NCL Division 3"]
[Site "online"]
[Date "2021.02.04"]
[Round "2.78"]
[White "Yau, Max Y"]
[Black "Lakha, Haider"]
[Result "1-0"]
[WhiteElo "1267"]
[BlackElo "1112"]
[PlyCount "73"]
[EventDate "2021.02.04"]
[WhiteTeam "Temple Sutton Juniors"]
[BlackTeam "MCS Tenners A"]

1. e4 e5 2. Nf3 Nc6 3. Bc4 f6 4. d3 Na5 5. Bxg8 Rxg8 6. Nc3 Bb4 7. Bd2 Bxc3 8.
Bxc3 b6 9. O-O c5 10. Bxa5 bxa5 11. Qe2 Rb8 12. b3 d6 13. Rfd1 h6 14. h3 g5 15.
Nh2 Be6 16. f3 h5 17. Rf1 h4 18. a4 Qb6 19. Kh1 a6 20. f4 exf4 21. Ng4 Bxg4 22.
Qxg4 Qd8 23. Qe6+ Kf8 24. Qf5 Rh8 25. Rab1 Rb4 26. c3 Rb6 27. d4 cxd4 28. cxd4
Qc7 29. Rbc1 Rc6 30. Rxc6 Qxc6 31. Qxf6+ Kg8 32. Qxg5+ Kf8 33. Qxf4+ Kg8 34.
Qg5+ Kh7 35. Qxa5 Qxe4 36. Qh5+ Kg8 37. Qf7# 1-0

[Event "Junior Online 4NCL Division 3"]
[Site "online"]
[Date "2021.02.04"]
[Round "2.82"]
[White "Groot Wassink, Leon"]
[Black "Pradhan, Ayan"]
[Result "0-1"]
[WhiteElo "1514"]
[BlackElo "1475"]
[PlyCount "58"]
[EventDate "2021.02.04"]
[WhiteTeam "JHJ Shark Tank 2"]
[BlackTeam "Surrey Kings 1"]

1. e4 e6 2. d4 d5 3. Nc3 dxe4 4. Nxe4 Nc6 5. c3 Be7 6. Bf4 Nf6 7. Bd3 O-O 8.
Qc2 Nxe4 9. Bxe4 f5 10. Bd3 Bg5 11. Bd2 Re8 12. Nf3 Bxd2+ 13. Qxd2 e5 14. dxe5
Nxe5 15. Nxe5 Rxe5+ 16. Be2 Rd5 17. Qf4 Qe7 18. Qf3 Re5 19. Rd1 Rb8 20. Rd2 b6
21. O-O Bb7 22. Qd3 Qg5 23. f3 Rbe8 24. Rf2 Rd5 25. Qc2 Qxd2 26. Bc4 Re1+ 27.
Bf1 Qxc2 28. Rxc2 Rdd1 29. Rf2 Ba6 0-1

[Event "Junior Online 4NCL Division 3"]
[Site "online"]
[Date "2021.02.04"]
[Round "2.83"]
[White "Josse, Ben"]
[Black "Royle, Alex"]
[Result "1-0"]
[WhiteElo "1232"]
[BlackElo "1479"]
[PlyCount "61"]
[EventDate "2021.02.04"]
[WhiteTeam "Surrey Kings 1"]
[BlackTeam "JHJ Shark Tank 2"]

1. e4 c5 2. Nf3 d6 3. Nc3 e5 4. Bc4 Be6 5. Qe2 Nc6 6. O-O Nf6 7. d3 Be7 8. Bg5
Nd4 9. Nxd4 cxd4 10. Bxf6 Bxf6 11. Nd5 O-O 12. f4 Bxd5 13. Bxd5 Qb6 14. g4 exf4
15. Rxf4 Bg5 16. Rff1 Rac8 17. Bb3 a5 18. a4 Rc5 19. Rf3 Qb4 20. Raf1 Rc7 21.
Rf5 Bf6 22. g5 Be5 23. Qf2 g6 24. Rf3 Qb6 25. Bxf7+ Kg7 26. Bb3 Rxf3 27. Qxf3
Rc8 28. Qf7+ Kh8 29. Qf8+ Rxf8 30. Rxf8+ Kg7 31. Rg8# 1-0

[Event "Junior Online 4NCL Division 3"]
[Site "online"]
[Date "2021.02.04"]
[Round "2.84"]
[White "Tang, Brian"]
[Black "Lee, Damin"]
[Result "1-0"]
[WhiteElo "1464"]
[BlackElo "1149"]
[PlyCount "149"]
[EventDate "2021.02.04"]
[WhiteTeam "JHJ Shark Tank 2"]
[BlackTeam "Surrey Kings 1"]

1. e4 e5 2. Nf3 Nc6 3. Bb5 Bd6 4. O-O Nf6 5. d3 a6 6. Ba4 b5 7. Bb3 O-O 8. Bg5
h6 9. Bh4 b4 10. c3 a5 11. d4 Ba6 12. Re1 Rb8 13. Nbd2 Be7 14. dxe5 Nh7 15.
Bxe7 Qxe7 16. Bc4 Bxc4 17. Nxc4 Qc5 18. Qd5 Qe7 19. Rad1 Rbd8 20. Nxa5 bxc3 21.
bxc3 Nxa5 22. Qxa5 Ng5 23. Nxg5 Qxg5 24. Qxc7 Qe7 25. Qd6 Qe8 26. Re2 f6 27. f4
Qh5 28. Rde1 Rf7 29. exf6 Rxf6 30. Qd5+ Qxd5 31. exd5 Rxf4 32. Re4 Rf6 33. a4
Ra6 34. Ra1 Rf8 35. a5 Kh7 36. Rb4 Ra7 37. a6 Kg6 38. Rb7 Raa8 39. c4 d6 40.
Rb6 Rfd8 41. c5 Kf5 42. Rxd6 Rdc8 43. c6 Ke5 44. Rd7 g5 45. a7 Kd4 46. c7 Kc5
47. Rd8 Rxd8 48. cxd8=Q Rxd8 49. a8=Q Rxa8 50. Rxa8 Kxd5 51. Ra6 h5 52. Ra5+
Ke4 53. Rxg5 Kf4 54. Rxh5 Kg4 55. Rh8 Kg5 56. Rf8 Kg6 57. Rf2 Kg5 58. h3 Kh4
59. Rf3 Kg5 60. g4 Kh6 61. Kf2 Kg5 62. Ke3 Kg6 63. Ke4 Kg5 64. Ke5 Kh6 65. h4
Kg6 66. Rf5 Kh6 67. Ke6 Kh7 68. g5 Kg6 69. Rb5 Kg7 70. Kf5 Kh7 71. g6+ Kh6 72.
Rb7 Kh5 73. g7 Kh6 74. g8=Q Kh5 75. Rh7# 1-0

[Event "Junior Online 4NCL Division 3"]
[Site "online"]
[Date "2021.02.04"]
[Round "2.85"]
[White "Aserkoff, Daniel"]
[Black "Thompson, Alex"]
[Result "0-1"]
[WhiteElo "1534"]
[BlackElo "1554"]
[PlyCount "36"]
[EventDate "2021.02.04"]
[WhiteTeam "JHJ Shark Tank 2"]
[BlackTeam "Surrey Kings 1"]

1. e4 e6 2. d4 d5 3. exd5 exd5 4. Nf3 Nc6 5. Bd3 Nf6 6. O-O Bd6 7. Re1+ Be6 8.
Bf5 O-O 9. Bxe6 fxe6 10. Rxe6 Ne4 11. Nbd2 Qd7 12. Nxe4 Qxe6 13. Neg5 Qf6 14.
h4 Rae8 15. h5 Nxd4 16. Qd3 Re1+ 17. Nxe1 Qxf2+ 18. Kh1 Qxe1+ 0-1

[Event "Junior Online 4NCL Division 3"]
[Site "online"]
[Date "2021.02.04"]
[Round "2.86"]
[White "Pradhan, Ayan"]
[Black "Groot Wassink, Leon"]
[Result "0-1"]
[WhiteElo "1475"]
[BlackElo "1514"]
[PlyCount "120"]
[EventDate "2021.02.04"]
[WhiteTeam "Surrey Kings 1"]
[BlackTeam "JHJ Shark Tank 2"]

1. e4 e5 2. Nf3 Nc6 3. Bc4 Nf6 4. d4 exd4 5. e5 d5 6. Bb5 Ne4 7. O-O Bd7 8.
Nxd4 Nxe5 9. Bxd7+ Qxd7 10. Re1 O-O-O 11. f3 Bc5 12. Kh1 Nf2+ 13. Kg1 Nxd1 14.
Rxd1 Nc6 15. c3 Nxd4 16. cxd4 Bb6 17. Nc3 Rhe8 18. a4 Ba5 19. Na2 Qxa4 20. Bf4
Bb6 21. Nc3 Bxd4+ 22. Kh1 Qc4 23. Rdc1 Bxc3 24. Bxc7 Kxc7 25. Rxc3 Qxc3 26.
bxc3 d4 27. cxd4 Rxd4 28. Rc1+ Kb8 29. h3 Rd2 30. Kh2 Ree2 31. Kh1 Rxg2 32. Re1
Rh2+ 33. Kg1 Rdg2+ 34. Kf1 Rh1+ 35. Kxg2 Rxe1 36. Kf2 Re5 37. Kg3 f5 38. f4
Re3+ 39. Kf2 Rxh3 40. Ke2 h6 41. Kd2 g5 42. Ke2 g4 43. Kf2 Rf3+ 44. Kg2 Rxf4
45. Kg3 Rf3+ 46. Kg2 h5 47. Kg1 h4 48. Kh1 g3 49. Kg2 Rf2+ 50. Kg1 h3 51. Kh1
f4 52. Kg1 f3 53. Kh1 Rh2+ 54. Kg1 f2+ 55. Kf1 Rh1+ 56. Ke2 f1=Q+ 57. Kd2 g2
58. Kc3 g1=Q 59. Kb4 Qd4+ 60. Ka5 Qa6# 0-1

[Event "Junior Online 4NCL Division 3"]
[Site "online"]
[Date "2021.02.04"]
[Round "2.87"]
[White "Royle, Alex"]
[Black "Josse, Ben"]
[Result "0-1"]
[WhiteElo "1479"]
[BlackElo "1232"]
[PlyCount "84"]
[EventDate "2021.02.04"]
[WhiteTeam "JHJ Shark Tank 2"]
[BlackTeam "Surrey Kings 1"]

1. d4 d5 2. c4 e6 3. Nc3 a6 4. Nf3 dxc4 5. a4 c5 6. e4 Nc6 7. d5 Na5 8. Bf4 Nf6
9. dxe6 Qxd1+ 10. Rxd1 Bxe6 11. Ng5 Rd8 12. Nxe6 fxe6 13. Bc7 Rxd1+ 14. Nxd1
Nc6 15. e5 Nd5 16. Bd6 Bxd6 17. exd6 b5 18. axb5 axb5 19. Nc3 Nxc3 20. bxc3 Kd7
21. g3 Ra8 22. Kd2 Kxd6 23. Be2 Ra2+ 24. Ke3 Rc2 25. Rd1+ Ke7 26. Bf3 Rxc3+ 27.
Ke4 Nd4 28. Bg4 b4 29. Rxd4 cxd4 30. Kxd4 Rc1 31. f4 b3 32. f5 exf5 33. Bxf5 b2
34. Kc5 c3 35. Bxh7 c2 36. Kd4 b1=Q 37. Bxc2 Rxc2 38. g4 Qb5 39. g5 Rc4+ 40.
Kd3 Qb3+ 41. Kd2 Rc2+ 42. Kd1 Qb1# 0-1